[Event "Tata Steel-B 78th"]
[Site "Wijk aan Zee"]
[Date "2016.01.16"]
[Round "1"]
[White "Adhiban, Baskaran"]
[Black "Abasov, Nijat Azad"]
[Result "1-0"]
[WhiteElo "2653"]
[BlackElo "2556"]
[Annotator "Adhiban,B"]
[PlyCount "69"]
[EventDate "2016.01.16"]
[EventType "tourn"]
[EventRounds "13"]
[EventCountry "NED"]
[EventCategory "13"]
[SourceTitle "CBM 171"]
[Source "ChessBase"]
[SourceDate "2016.03.14"]
[SourceVersion "2"]
[SourceVersionDate "2016.03.14"]
[SourceQuality "1"]

{A temple of victory needs a steady foundation, thus I was more than eager to
start the event from a high.} 1. d4 Nf6 2. c4 e6 3. Nc3 Bb4 4. Qc2 d5 5. cxd5
Qxd5 6. e3 {I felt that Nijat wasn't expecting this particular path I was
taking him down to.} c5 7. a3 {This rare variation has previously been played
quite a few times by the Dutch maestro Loek van Wely. White is hurrying to get
the bishop pair and strengthen his centre. In return Black pulls ahead in
development somewhat.} Bxc3+ 8. bxc3 O-O 9. c4 $5 Qd6 10. Nf3 {Here already my
opponent started doubting himself. Knowing what is awaiting the both of us, I
sat there in anticipation, like a tiger holding his breath in fear of scaring
away the prey.} b6 {Logical, but this allows White to provoke an immediate
crisis.} (10... Nbd7 $5 {first would be somewhat more cautious, but the desire
not to determine the position of the knight prematurely is natural.}) 11. e4 $5
(11. Be2 Bb7 12. O-O {followed by Bb2 would lead to a normal position, but
that is rarely a part of my plan.}) 11... Nfd7 {There isn't a more appealing
way to protect against the simple threat of e5.} 12. d5 $5 {Another unusual
decision. The natural 12.e5 or 12.Bd3 led to complications that I didn't
consider favourable.} exd5 (12... e5 {determines the structure much too early.
Now also the knights are misplaced.}) (12... f5 $5 {is the sharpest of the
alternatives. Without knowing all the ins and outs, Nijat decided to stay away
from this jungle.}) 13. exd5 (13. cxd5 {is more pretty, but White is not
developed enough to stabilise his over-extended pawn centre -} Re8 14. Be2 Ba6
15. Bxa6 Nxa6 16. O-O c4 $1 17. Qxc4 Nac5 18. Re1 Nf6 $1 {and thanks to a cute
trick} 19. e5 Qxd5 $1 {Black equalises.}) 13... Ne5 {The best way to start
untangling the queenside pieces.} 14. Bb2 $5 {Risky, but at the end the gamble
pays off.} (14. Ng5 $1 {must be more sound, but I was attracted by the more
natural and swift idea of developing my pieces and opening up more files for
the attack. Also after} Qg6 {White has to exchange queens, making life easier
for my opponent.}) 14... Nxf3+ 15. gxf3 Re8+ 16. Be2 Qg6 $2 {Wrong direction.
Long castling should have been prevented.} (16... Qf4 $1 {This powerful move
would take the sting out of my idea. Now long castling is prevented and it's
hard to use the open g-file and the bishop on the long diagonal, even though
they seem so free and unstoppable.} 17. Rg1 f6 $1 {It's hard to suggest how to
exert more pressure, so maybe it's time to dig in and switch to defence.} 18.
Rg3 $1 Bf5 19. Qd2 $1) 17. Qd2 Qg2 $2 {Black's queen embarks on a dangerous
quest for just one pawn...} (17... Bf5 18. O-O-O Qd6 {better late than never,
but who likes admitting his mistakes?}) 18. O-O-O Qxf2 19. Rhg1 {Looking in
one direction, but having my claws pointed in the other...} Rxe2 $4 {Seeing
that there is no mate, my opponent has forgotten about a simple tactic.} (19...
g6 {was essential and now it's not possible to prevent the exchange of queens,
so Black would survive the first wave of the assault.} 20. Qh6 {other moves
are similar, but provoking the rook on to e3 appealed the most to my senses.} (
20. Rge1 Bf5 21. Bd3 Qxd2+ 22. Kxd2 Nd7 {would allow Black to connect the rooks
}) 20... Qe3+ 21. Qxe3 Rxe3 22. Rge1 Nd7 (22... Bf5 23. Bd3 Rxe1 24. Rxe1 Nd7 {
would be a lesser evil, but White stays ahead}) 23. Bd3 {now Black has to give
up the only open file} Rxe1 24. Rxe1 Bb7 25. h4 {and although Black has an
extra pawn it is White who is having all the fun here. White will exert more
pressure with h5, f4 and before you know it, the kingside will blast open.})
20. Rge1 $1 {The trap snaps shut! You can only imagine how thrilled I was to
excecute this move and then see it all over my facebook newsfeed. The rest is
a matter of finishing the job.} (20. Rxg7+ {is spectacular, but there is
indeed no mate.} Kf8 21. Rg8+ Kxg8 22. Qg5+ Kf8 23. Qd8+ Re8 24. Qd6+ Re7)
20... Qh4 21. Qxe2 (21. Rxe2 $1 {was a direct kill, but I wanted to bring the
goods home the safest way.} Qxc4+ 22. Bc3 $1 Bd7 23. Re4 Qb3 24. Bxg7 $1) 21...
Nd7 22. Rg1 g6 23. Qe8+ Nf8 24. Qe5 f6 25. Qxf6 {The endgame is of course
absolutely hopeless and the win was just a matter of time.} Qxf6 26. Bxf6 Ba6
27. Rde1 Nd7 28. Bb2 Rf8 29. Re7 Rf7 30. Rxf7 Kxf7 31. Rg4 b5 32. Rh4 h5 33.
Rf4+ Ke7 34. Re4+ Kf7 35. d6 {A breathtaking start to what would become one of
my best results so far.} 1-0

[Event "ISR-chT"]
[Site "Israel"]
[Date "1996.??.??"]
[Round "6"]
[White "Alterman, Boris"]
[Black "Yudasin, Leonid"]
[Result "1-0"]
[WhiteElo "2585"]
[BlackElo "2635"]
[Annotator "Alterman,B"]
[PlyCount "79"]
[EventDate "1996.??.??"]
[EventType "team"]
[EventRounds "11"]
[EventCountry "ISR"]
[SourceTitle "CBM 052 Extra"]
[Source "ChessBase"]
[SourceDate "1996.07.01"]
[SourceVersion "1"]
[SourceVersionDate "1996.07.01"]
[SourceQuality "1"]

1. d4 Nf6 2. c4 e6 3. Nc3 Bb4 4. Qc2 d5 5. cxd5 Qxd5 6. Nf3 Qf5 7. Qb3 c5 8. a3
Ba5 9. Qc4 $1 Nc6 $6 (9... Bxc3+) (9... Nbd7 10. b4 cxb4 11. axb4 $16 {xQf5})
10. dxc5 Qd5 11. Nd2 $1 (11. Qd3 Ne4 12. Qxd5 exd5 13. Bd2 Bxc3 14. Bxc3 Nxc3
15. bxc3 b6 16. cxb6 axb6 $44) 11... Qxc4 12. Nxc4 Bxc3+ 13. bxc3 Ne4 14. g3
Nxc5 15. Be3 $36 Nb3 $2 (15... Na4 16. Bg2 $14) 16. Rb1 Nca5 17. Nxa5 Nxa5 18.
Bg2 $16 f6 (18... Bd7 19. O-O Bc6 20. Bxc6+ bxc6 21. Rfd1 $16) 19. O-O Kd8 20.
Rb5 $1 (20. Rfd1+ Kc7 21. Bc5 Rd8 22. Be7 Rd7 23. Bf8 g6 24. Rxd7+ Bxd7 25. Bg7
f5 26. Be5+ Kc8 $14) 20... Nc6 21. Rfb1 Kc7 22. a4 $18 Rd8 23. a5 Rd6 24. h4
$22 e5 25. f4 $1 a6 26. R5b2 exf4 27. gxf4 (27. Bxf4 Ne5 28. Bxb7 Rb8 29. Bxc8
Rxb2 30. Rxb2 Kxc8 $16) 27... f5 28. Bb6+ (28. Kf2 $1 $18) 28... Kd7 29. Bc5
Rg6 30. h5 Rg4 31. e3 Nxa5 32. Kf2 Rh4 (32... Rxg2+ $142 33. Kxg2 Nc4 34. Rb4
b5 35. Kf2 Kc6 36. Bd4 Be6 37. Rg1 Rg8 38. Rxg7 $1 Rxg7 39. Bxg7 a5 40. Rb1 a4
41. Bf8 {/\Rg1-g7+-}) 33. Rd2+ Ke8 34. Rbd1 Be6 35. Rd6 Kf7 (35... Bb3 36. Ra1
Nc4 37. Re6+ $18) 36. Rxe6 $3 Kxe6 37. Rd6+ Kf7 38. Bd5+ Ke8 39. Re6+ Kd8 (
39... Kd7 40. Re7+ Kd8 41. Rxg7 $18) 40. Be7+ 1-0

[Event "Aegina op"]
[Site "Aegina"]
[Date "1996.??.??"]
[Round "4"]
[White "Atalik, Suat"]
[Black "Frendzas, Panayotis"]
[Result "1-0"]
[WhiteElo "2535"]
[BlackElo "2405"]
[Annotator "Atalik,S"]
[PlyCount "47"]
[EventDate "1996.??.??"]
[EventType "swiss"]
[EventRounds "9"]
[EventCountry "GRE"]
[SourceTitle "EXT 1997"]
[Source "ChessBase"]
[SourceDate "1996.11.15"]
[SourceVersion "1"]
[SourceVersionDate "1996.11.15"]
[SourceQuality "1"]

1. d4 Nf6 2. c4 e6 3. Nc3 Bb4 4. Qc2 d5 5. cxd5 Qxd5 6. Nf3 Qf5 7. Qb3 c5 8. a3
Ba5 9. Qc4 Nbd7 $146 10. b4 cxb4 11. axb4 Bd8 12. e3 (12. Nb5 O-O 13. Rxa7 Nb6
14. Qc5 Rxa7 15. Nxa7 Bd7 16. Qxf5 exf5 17. e3 Be7 $44) 12... Nb6 13. Qb3 (13.
Qc5 Be7) 13... O-O 14. Ne5 Ng4 (14... Bc7 15. f4) 15. Nd3 e5 16. h3 Nxf2 (16...
Nxe3 $5 17. Bxe3 exd4 18. Ra5 $3 (18. Bxd4 Re8+ 19. Be3 Be6 20. Qb1 Bf6 $1 (
20... Nc4 21. Nd1 Bd5 22. N3b2 $1)) 18... Qd7 19. Ne5 Qe8 20. Bxd4 Be6 21. Qc2
$1 (21. Qb1 f6 22. Bd3 g6 $13 23. Nf3 $140 $4 Ba2+) 21... f6 22. Bd3 fxe5 23.
Bxh7+ Kh8 24. Bg6 $1 Bf5 $1 25. Qxf5 exd4+ 26. Bxe8 Rxf5 27. Rxf5 dxc3 28. Rf8+
Kh7 29. Bb5 $18) 17. Nxf2 exd4 (17... Bh4 18. Ncd1 exd4 19. Qd3) 18. Nce4 $6 (
18. Ncd1 $142) 18... Be6 19. Qb1 (19. Qd1 Be7 20. exd4 Bxb4+ 21. Bd2 Bxd2+ 22.
Qxd2 Bd5 23. Bd3 Rfe8 24. O-O $18) 19... dxe3 20. Bxe3 Nc4 (20... Qe5 21. Bc5)
21. Bxc4 (21. Bc5 $6 Re8 22. Bd3 Bf6 $40) 21... Bxc4 22. Nd2 $1 Qd5 $2 (22...
Qb5 $8 23. Nxc4 Qxc4 24. Qd3 Qxb4+ 25. Qd2 Qxd2+ 26. Kxd2 a6 27. Rhb1 Bf6 28.
Ra5 b5 29. Ne4 $18) 23. Qe4 Bf6 24. Ra5 1-0

[Event "EU-Cup 18th"]
[Site "Kallithea"]
[Date "2002.09.28"]
[Round "7.1"]
[White "Atalik, Suat"]
[Black "Romanishin, Oleg M"]
[Result "1/2-1/2"]
[WhiteElo "2551"]
[BlackElo "2559"]
[Annotator "Atalik,S"]
[PlyCount "111"]
[EventDate "2002.09.22"]
[EventType "team-swiss"]
[EventRounds "7"]
[EventCountry "GRE"]
[SourceTitle "CBM 092"]
[Source "ChessBase"]
[SourceDate "2003.02.06"]
[SourceVersion "1"]
[SourceVersionDate "2003.02.06"]
[SourceQuality "1"]
[WhiteTeam "Sarajevo Napredak"]
[BlackTeam "Karpaty"]
[WhiteTeamCountry "BIH"]
[BlackTeamCountry "UKR"]

1. d4 Nf6 2. c4 e6 3. Nc3 Bb4 4. Qc2 d5 {Romanishin always choses this.} 5.
cxd5 Qxd5 6. e3 O-O $5 ({Usual is} 6... c5 7. Bd2 Bxc3 8. Bxc3 cxd4 9. Bxd4 Nc6
10. Bc3) 7. Bd2 Bxc3 8. Bxc3 Nbd7 (8... b6 9. Be2 Bb7 10. Bf3 Ne4 11. Ne2 $36)
({Also} 8... a5 $5 {is used by GM Romanishin.}) 9. Ne2 $1 $146 {So far this is
new however the position resembles to the one from my line against the
Chigorin.} Qf5 {Expected by Romanishin.} (9... b6 10. Nf4 Qd6 11. Bd3 Bb7 12.
O-O $14) 10. Rc1 $1 (10. Qxf5 exf5 {and black has decent play around d5 and e4
squares.}) 10... Re8 11. Ng3 Qxc2 $8 (11... Qd5 $2 12. e4 Qxa2 13. Qd1 $1 e5
14. d5 Nc5 15. Bb4 Ncxe4 16. Nxe4 Nxe4 17. Ba3 $1 Rd8 18. Bc4 $18 {would have
been a dream.}) 12. Rxc2 b6 ({After} 12... c6 {sealing e5 with} 13. f4 $5 {
looks interesting.} (13. Be2 e5 14. dxe5 Nxe5 15. Rd2 $14) (13. Bc4 e5 14. Bb3
(14. Nf5 Nb6) 14... a5 15. a3 exd4 16. Bxd4 Ne5 $14)) 13. Bb5 Bb7 {In this
position I have spent alot of time.} 14. O-O $14 {Things went in my way for
the opening part of the game so far.} ({I have calculated the following line
to the end.} 14. d5 $6 Bxd5 15. Bxf6 Nxf6 (15... c6 $5 16. Bxc6 Bxc6 17. Rxc6 (
17. Bxg7 $6 Bb5 18. Bc3 Nc5 $44) 17... Nxf6 18. Ke2 $11) 16. Bxe8 Nxe8 17. e4 (
17. b4 Bxg2 18. Rg1 Bf3) 17... Bxa2 18. b4 Bb3 19. Rc3 Ba4 20. Kd2 a5 $13 {
R versus B+2Ps did not appeal to me.}) 14... Red8 {It is quite a decision to
deploy the rooks.} (14... Rec8 15. Rfc1 c5 16. f3 $14) 15. Bb4 $1 {Adjusting
the bishops position.} Nd5 (15... c5 $5 16. dxc5 Nxc5 17. Bxc5 bxc5 18. Rfc1
$14 (18. Rxc5 $6 Rd2 19. Rc7 Bd5 20. Rfc1 h5)) 16. Bd2 Rac8 $6 {Here around
black could go for c5.} (16... c5 17. Bxd7 (17. e4 N5f6 18. dxc5 Nxc5 19. f3
$14) 17... Rxd7 18. dxc5 bxc5 19. a3 c4 20. e4 Nb6 21. Be3 Rad8 22. f3 Ba6 23.
Rfc1 $14) 17. Rfc1 a6 {A move containing a fine trap.} (17... c5 $2 18. Bxd7
Rxd7 19. b4 Ba6 20. bxc5 Bd3 21. Rb2 $18) 18. Ba4 (18. Bc6 $2 Bxc6 19. Rxc6 Nc5
$1 20. dxc5 Ne7 21. cxb6 Nxc6 22. b7 Rb8 23. Rxc6 (23. Be1 Ne7 24. Rxc7 Nd5)
23... Rxd2 24. Rxc7 Rd1+ 25. Nf1 g6 26. Rc8+ Rd8 27. Rc7 Kg7 $19) 18... Nf8 {
Once black can not throw c5 in ,he is worse.} (18... c5 19. Bxd7 Rxd7 20. b4 $1
$16 (20. dxc5 Rxc5 21. Rxc5 bxc5 22. Rxc5 Nf4 23. exf4 Rxd2 24. b4 Kf8 (24...
Rd1+ 25. Nf1 Kf8 26. f3) 25. f3 Rxa2 26. Rc7 Bd5 27. Ne4 Bxe4 28. fxe4 Rb2 29.
Rc4 $11)) 19. a3 $5 {I have decided not to give any potential oppurtunity of
Nb4 in case of an hypothetical c5 thrust.} (19. f3 c5 (19... Ng6 20. e4 Nde7 (
20... Ndf4 $6 21. Rxc7 Nd3 22. R1c2 (22. Rxc8 $6 Bxc8 23. Rc7 Nxb2) 22... Rxc7
23. Rxc7 Rxd4 (23... Nxb2 24. Bb3 Bc8 25. Bg5) 24. Be8 Nde5 25. Be3 Rd1+ 26.
Kf2 $16) 21. Be3 (21. Rxc7 Rxd4 22. Be3 Rxa4 23. Rxb7 Rxa2 24. Rxc8+ Nxc8)
21... c6 $16) 20. dxc5 bxc5 $14 21. Ba5 $140 Nxe3 22. Rxc5 Rxc5 23. Rxc5 Rd4
$132) 19... h6 {Some sort of imitation.} ({Instead of going for a luft the
direct} 19... Ng6 20. f3 (20. Ne2 e5 21. dxe5 Nxe5 (21... c5 22. f4) 22. e4 Nf6
23. f3 Nd3 24. Rd1 b5 25. Bb3 c5 26. Ba5 Rd7 27. Rcd2 c4 28. Bc2 Bxe4 29. fxe4
Nxe4 30. Rxd3 cxd3 31. Rxd3 Rxd3 32. Bxd3 $16) 20... e5 $140 $2 21. dxe5 Nxe5
22. e4 b5 (22... Ne7 23. Bf4 Nd3 24. Bxc7 Nxc1 25. Bxd8 Rxd8 26. Rxc1 $18) (
22... Nf6 23. Bf4 (23. Rxc7 Nd3 24. Rxc8 Bxc8 25. Rc2 Be6 $44) 23... Nd3 24.
Bxc7 b5 25. Bxd8 Nxc1 26. Rxc8 Bxc8 27. Bc2 Be6 28. Bxf6 gxf6 29. Kf2 $18) 23.
exd5 bxa4 24. Nf5 Ng6 25. Rxc7 Rxc7 26. Rxc7 Bxd5 27. Bc3 $18) 20. f3 Ng6 21.
Nh5 $2 {What kind of weird move is this?} (21. e4 $1 Nf6 (21... Ndf4 22. Rxc7
Nd3 23. Rxc8 Bxc8 24. Rc2 $18) (21... Nde7 22. Rxc7 Rxd4 23. Bb4 $1 b5 24. Ne2
Rxb4 25. axb4 Rxc7 26. Rxc7 Bxe4 27. fxe4 bxa4 28. Ra7 $18) 22. Rxc7 (22. Be3
$16) 22... Rxc7 23. Rxc7 Rxd4 24. Bc3 $1 (24. Bb4 $6 Bxe4 25. Nxe4 Nxe4 26.
fxe4 a5 27. Be8 axb4 28. Bxf7+ Kh7 29. Bxe6 bxa3 30. bxa3 Rxe4 31. Bf5 Rf4 32.
Bd3 Rf6 $11) 24... Rxa4 25. Rxb7 b5 26. Bb4 $18) 21... c5 22. dxc5 b5 $2 {
This was what I was calucalating but} (22... bxc5 $5 23. Ba5 (23. e4 Nb6) 23...
Nxe3 24. Bxd8 Nxc2 25. Bxc2 Rxd8 26. Bxg6 fxg6 27. Nf4 e5 28. Ne6 Rd2 29. b3
Bd5 30. Nxc5 g5 31. h3 a5 (31... h5 32. Re1) (31... Kf7 32. b4 Ra2 33. Rc3) 32.
Re1 Rb2 33. Rxe5 Bxb3 34. Nxb3 Rxb3 35. Rxa5 $14 {looks like very equal.}) 23.
Bb3 Nde7 24. e4 {This is weakening d4 square.} (24. Ba5 Rd3 25. Rc3 Rd2) (24.
Ba2 $142 $1 Rd3 (24... Ne5 25. Nf4 N7c6 26. Rd1 Nd3 27. Ba5 Nxa5 28. Rxd3 Rxd3
(28... g5 29. Rxd8+ Rxd8 30. Ne2) 29. Nxd3 Rd8 30. Rc3 Nc6 31. b4 $18) 25. e4
Rcd8 26. Bc3 e5 27. Ng3 $16) 24... Nc6 25. Bc3 Nce5 {Indecisivity.} (25... Nd4
$142 26. Bxd4 Rxd4 27. Kf2 Ne5 28. Nf4 {transposes to the game.}) 26. Ba5 ({
There is no need to mess the game up with.} 26. Nxg7 $6 Kxg7 (26... Rxc5 27.
Nxe6 (27. Nh5 Nxf3+ 28. gxf3 Rxh5 29. Rd2 Rg5+ (29... Rxd2 30. Bxd2) 30. Kh1
$16) 27... fxe6 28. Bxe6+ Kg7 (28... Nf7 $2 29. Bb4 Rxc2 30. Rxc2 Nf8 (30...
Ba8 31. Rc7 Ngh8 32. Ra7) 31. Bxf8 Rxf8 32. Rc7 $18) 29. g3 $16 (29. b4 $6 Rxc3
30. Rxc3 Nf4 31. Rc7+ Kf6)) 27. f4 Bxe4 28. Re2 Bd3 29. Ree1 Bc4 30. Bxc4 bxc4
31. Bxe5+ Nxe5 32. Rxe5 Rd4 33. g3 $14) 26... Rd3 (26... Rd7 27. Rc3) 27. Ba2 {
The most natural retreat in mutual time scramble.} (27. Rc3 $5 Rd7 28. Bb6 (28.
Rd1 $2 Rxd1+ 29. Bxd1 Nc4) 28... Rd2 29. R1c2 Rd1+ 30. Kf2 $16) 27... Nc6 28.
Bc3 $6 {This exchange of course will help black but I could not find much
anything else over the board.} (28. Rd2 $142 Nge5 29. Nf4 Rxd2 30. Bxd2 Rd8 (
30... g5 31. Ne2 $16 (31. Nxe6 $6 Kh7 $1 (31... Nc4 32. Bxc4 bxc4 33. Nxg5 hxg5
34. Bxg5))) 31. Bc3 $16) 28... Nd4 29. Bxd4 (29. Rf2 $2 Rxc5 30. Nxg7 Nf4 $40)
29... Rxd4 $16 {White is on the top but black is not totally lost yet.} 30. c6
$2 {A brave decision because the pawn may be lost however the climax in the
game pushed me for this decision.} (30. Kf2 Ne5 31. Nf4 Rcd8 32. Ne2 Rd2 (32...
Nd3+ 33. Ke3) 33. Ke1 R2d7 34. Rb1 $16) (30. b4 Bc6 31. Bb3 Rcd8 $44) 30... Ba8
31. c7 Kf8 32. Kf2 Ne5 33. Nf4 (33. Ke2 Rd6 34. Rc5 Rc6 35. Rd1 Rxc5 36. Rd8+
Ke7 37. Rxc8 Bb7 38. Rb8 Rxc7 39. Nxg7 Rc2+ $15) 33... Ke7 34. Ke3 {Looks like
an empty move.} (34. Rc5 {could pose black more difficulties.} Nd7 (34... g5 $2
35. Rxe5 gxf4 36. Ke2 Kd7 37. Rh5 Rxc7 38. Rxc7+ Kxc7 39. Rxh6 $18) 35. Ke3 Rd6
(35... Nxc5 $2 36. Kxd4 e5+ 37. Kxe5 Rxc7 38. Rc3 $18 (38. Rd1 $2 Nd7+ 39. Kd4
Rc2 $44)) 36. R5c3 Ne5 37. Nd3 Nxd3 38. Rxd3 Rxd3+ 39. Kxd3 Kd7 $11) 34... Rd6
35. Rc5 Rc6 $1 $14 {I have missed that idea when I have pushed my c pawn too
deep.} 36. Rxc6 Nxc6 37. Nd3 Rxc7 38. Nb4 $6 {Frustrated with the changes over
the game I did not go for a slightly better game.} (38. Bd5 $5 exd5 (38... Kd6
$2 39. e5+ Ke7 (39... Kxd5 $4 40. Rc5#) 40. Be4 $16) 39. exd5 Kd6 40. dxc6 a5
$1 $14) 38... a5 39. Nxc6+ Bxc6 $1 {Of course black has to keep the rooks in
the game for some time since the bishop ending would be hopeless with whites
king up.} (39... Rxc6 $2 40. Rxc6 Bxc6 41. Kd4 $18) 40. e5 Rc8 41. Bb1 Kd7 42.
Be4 (42. Rc5 a4 $1 43. Bd3 Rb8 {does not givr white anything in particular.})
42... Rc7 {An unnecessary finesse.} (42... Bxe4 43. Rxc8 Kxc8 44. Kxe4 Kd7 45.
Kd4 Kc6 46. b4 axb4 47. axb4 g6 48. f4 Kb6 49. g4 Kc6 50. h4 Kb6 51. h5 gxh5
52. gxh5 Kc6 53. Ke4 Kd7 $11) 43. b4 axb4 44. axb4 Bxe4 45. Rxc7+ Kxc7 46. Kxe4
Kc6 $11 47. g4 {Nothing works anymore it is a dead draw!} (47. h4 g6 $1 48. g4
Kb6 49. f4 Kc6 50. f5 (50. h5 gxh5 51. gxh5) 50... Kb6 $11) 47... g5 48. Kd4
Kb6 49. Ke3 Kc7 50. Kd4 Kb6 51. Ke4 Kc6 52. h3 Kc7 53. f4 Kc6 54. f5 Kb6 55. f6
Kc6 56. Kd4 {End of a stupid sequence of moves.} 1/2-1/2